| 000 | 00883nam a2200265 a 4500 | ||
|---|---|---|---|
| 001 | 33542 | ||
| 003 | BD-RjUL | ||
| 005 | 20211209052027.0 | ||
| 008 | 161003r20062002ii a b 001 0 eng | ||
| 020 | _a8173194505 | ||
| 029 | 1 |
_aYDXCP _b2244628 |
|
| 029 | 1 |
_aNZ1 _b10106979 |
|
| 035 |
_a(OCoLC)61278532 _a(BD-RjUL)33633 |
||
| 040 |
_aDLC _cDLC _dYDXCP _dBTCTA _dBAKER _dMYG _dOrLoB-B _dBD-RjUL _beng |
||
| 041 | _aeng | ||
| 082 | 0 | 0 |
_222 _a621.47 _bTIS 2006 |
| 100 | 1 |
_aTiwari, G. N. _9158968 |
|
| 245 | 1 | 0 |
_aSolar energy : _bfundamentals, design, modelling and applications / _cG.N. Tiwari. |
| 260 |
_aNew York : _bNova Science Publishers, _cc2002 _c[Reprinted 2006] |
||
| 300 |
_axx, 525 p. : _bill. ; _c22 cm. |
||
| 504 | _aIncludes bibliographical references and index. | ||
| 650 | 0 |
_aSolar energy _xTechnological innovations. _9158969 |
|
| 942 |
_2ddc _cBK |
||
| 999 |
_c33542 _d33542 |
||